Normal view MARC view

Entry Personal Name

Number of records used in: 2

001 - CONTROL NUMBER

  • control field: 48331

003 - CONTROL NUMBER IDENTIFIER

  • control field: dpl

005 - DATE AND TIME OF LATEST TRANSACTION

  • control field: 20120601165846.0

008 - FIXED-LENGTH DATA ELEMENTS

  • fixed length control field: 120601|||a|||||| | ||| d

040 ## - CATALOGING SOURCE

  • Original cataloging agency: dpl
  • Transcribing agency: dpl

100 ## - HEADING--PERSONAL NAME

  • Personal name: देवेंद्र कुमार

670 ## - SOURCE DATA FOUND

  • Source citation: Work cat.: (dpl)60445: देवेंद्र कुमार, शेक्सपियर की विश्व प्रसिद्ध कहानियाँ /, 2011

670 ## - SOURCE DATA FOUND

  • Source citation: Work cat.: (dpl)60445: देवेंद्र कुमार, शेक्सपियर की विश्व प्रसिद्ध कहानियाँ /, 2011

© Delhi Public Library
Hit Counter
free hit counter